00370 a2200109 4500001001000000005001700010008004100027245008300068100002700151773006500178999001700243ART_1098420260410161849.0260409a 10aLa incidencia de la imposición indirecta en un enfoque de equilibrio parcial1 aPiffano, Horacio L. P.0 tEconómicag- Año XXIX, Nº 2/3 (may./dic. 1983)wREV7541 c24827d24827